[Event "American Cup Blitz 2022"]
[Site "Saint Louis USA"]
[Date "2022.04.29"]
[Round "1.1"]
[White "Theodorou, Nikolas"]
[Black "So, Wesley"]
[Result "0-1"]
[WhiteTitle "GM"]
[BlackTitle "GM"]
[WhiteElo "2561"]
[BlackElo "2778"]
[WhiteFideId "4262875"]
[BlackFideId "5202213"]
[EventDate "2022.04.29"]

1. e4 c5 2. d4 cxd4 3. c3 dxc3 4. Nxc3 Nc6 5. Nf3 e6 6. Bf4 Bb4 7. Bd3 Nge7 8.
O-O O-O 9. a3 Bxc3 10. bxc3 d5 11. e5 Ng6 12. Bg3 f5 13. exf6 Qxf6 14. c4 dxc4
15. Bxc4 Kh8 16. Re1 e5 17. Bd5 Bg4 18. h3 Bh5 19. Qb3 Bxf3 20. Qxf3 Nd4 21.
Qxf6 gxf6 22. Bxb7 Rab8 23. Rab1 Nc2 24. Rec1 Nxa3 25. Rb3 Rf7 26. Bd5 Rxb3 27.
Bxf7 Rb1 28. Rxb1 Nxb1 29. f3 Kg7 30. Be8 Kf8 31. Bc6 Nc3 32. Be1 Ne2+ 33. Kf2
Nd4 34. Bb4+ Kg7 35. Be4 f5 36. Bb7 Nf4 37. Ba5 Nd3+ 38. Ke3 Nc5 39. Bd5 f4+ 40.
Kf2 Nd3+ 41. Kf1 Nf5 42. Be4 Ng3+ 43. Kg1 Nxe4 44. fxe4 Nc5 45. g3 fxg3 46. Kg2
Nxe4 47. Kf3 Kf6 48. Bc7 Kf5 49. Ba5 a6 50. Bc7 h5 51. Bd8 Nc3 52. Kxg3 e4 53.
Kf2 Nd5 54. Ba5 Kf4 55. Ke2 e3 56. Bd8 0-1

[Event "American Cup Blitz 2022"]
[Site "Saint Louis USA"]
[Date "2022.04.29"]
[Round "1.2"]
[White "Aronian, Levon"]
[Black "Repka, Christopher"]
[Result "1-0"]
[WhiteTitle "GM"]
[BlackTitle "GM"]
[WhiteElo "2785"]
[BlackElo "2524"]
[WhiteFideId "13300474"]
[BlackFideId "14918781"]
[EventDate "2022.04.29"]

1. e4 e5 2. Nf3 Nc6 3. Bc4 Nf6 4. d3 Bc5 5. O-O h6 6. c3 d6 7. Nbd2 a6 8. Re1
Ba7 9. Nf1 Na5 10. Bd5 O-O 11. a4 Nc6 12. Bb3 Be6 13. Bc2 Ne7 14. Ng3 Qd7 15. h3
Ng6 16. d4 c6 17. Be3 Rfe8 18. Qd2 Qc7 19. Nf5 exd4 20. Bxh6 Bxf5 21. exf5 Ne5
22. Qg5 Nxf3+ 23. gxf3 Nh5 24. Bxg7 f6 25. Bxf6+ Kf7 26. Qg6+ 1-0

[Event "American Cup Blitz 2022"]
[Site "Saint Louis USA"]
[Date "2022.04.29"]
[Round "1.3"]
[White "Ali Marandi, Cemil Can"]
[Black "Caruana, Fabiano"]
[Result "0-1"]
[WhiteTitle "GM"]
[BlackTitle "GM"]
[WhiteElo "2523"]
[BlackElo "2781"]
[WhiteFideId "6300529"]
[BlackFideId "2020009"]
[EventDate "2022.04.29"]

1. d4 Nf6 2. Nf3 e6 3. Bf4 d5 4. e3 c5 5. c3 Bd6 6. Bg3 O-O 7. Nbd2 Qc7 8. dxc5
Qxc5 9. Bd3 Qc7 10. e4 Bxg3 11. hxg3 Nc6 12. Qe2 h6 13. O-O-O e5 14. exd5 Nxd5
15. Kb1 Re8 16. Rh4 f5 17. Bc4 Be6 18. Nb3 Rad8 19. Rhh1 Bf7 20. Rd2 e4 21. Nh4
Qe5 22. Rhd1 Nce7 23. f4 Qf6 24. Nd4 g6 25. Bb3 a6 26. Rh1 Rc8 27. Qe1 Kg7 28.
g4 fxg4 29. Qxe4 Nc6 30. Qd3 Nxf4 31. Qf1 Bxb3 32. Nxb3 Re7 33. g3 Nh5 34. Qg2
Rf8 35. Nc5 Rff7 36. Nb3 Ne5 37. Nd4 Nf3 38. Rdd1 Qe5 39. Nhxf3 gxf3 40. Qc2 Qe4
41. Rhf1 Nxg3 42. Qxe4 Nxe4 43. Rxf3 Rxf3 44. Nxf3 g5 45. Nd4 Kg6 46. Re1 Nd2+ 0-1

[Event "American Cup Blitz 2022"]
[Site "Saint Louis USA"]
[Date "2022.04.29"]
[Round "1.4"]
[White "Dominguez Perez, Leinier"]
[Black "Chandra, Akshat"]
[Result "1-0"]
[WhiteTitle "GM"]
[BlackTitle "GM"]
[WhiteElo "2756"]
[BlackElo "2488"]
[WhiteFideId "3503240"]
[BlackFideId "25006711"]
[EventDate "2022.04.29"]

1. e4 e5 2. Nf3 Nc6 3. Bc4 Bc5 4. c3 Nf6 5. d3 d6 6. O-O O-O 7. Re1 h6 8. h3 a5
9. Nbd2 Be6 10. Bb5 Ba7 11. Nf1 Ne7 12. Ng3 c6 13. Ba4 Ng6 14. Bc2 Re8 15. d4
Qc7 16. Be3 b5 17. a4 b4 18. Qd2 Rab8 19. Bd3 bxc3 20. bxc3 c5 21. Nf5 exd4 22.
cxd4 c4 23. Rac1 d5 24. Bxh6 dxe4 25. Bxg7 Bxf5 26. Bxf6 e3 27. Rxe3 Bxd3 28.
Rxe8+ Rxe8 29. Qh6 1-0

[Event "American Cup Blitz 2022"]
[Site "Saint Louis USA"]
[Date "2022.04.29"]
[Round "1.5"]
[White "Raja, Harshit"]
[Black "Xiong, Jeffery"]
[Result "1/2-1/2"]
[WhiteTitle "GM"]
[BlackTitle "GM"]
[WhiteElo "2479"]
[BlackElo "2685"]
[WhiteFideId "5089000"]
[BlackFideId "2047640"]
[EventDate "2022.04.29"]

1. e4 c6 2. Nf3 d5 3. Nc3 g6 4. d4 Bg7 5. e5 Bg4 6. h3 Bxf3 7. Qxf3 e6 8. h4 h5
9. Bg5 Qb6 10. O-O-O Nd7 11. g4 hxg4 12. Qxg4 Nh6 13. Qf4 Nf5 14. h5 gxh5 15.
Bh3 Ne7 16. Rhg1 Bf8 17. Kb1 Ng6 18. Qe3 Be7 19. Bxe7 Nxe7 20. Rg7 c5 21. Na4
Qc6 22. Nxc5 Nxc5 23. dxc5 Rc8 24. Qg5 Qxc5 25. c3 Rf8 26. Rd4 Nc6 27. Rf4 d4
28. Bxe6 Rc7 29. Bb3 dxc3 30. bxc3 Qxc3 31. Rgxf7 Qe1+ 32. Kb2 Qd2+ 33. Kb1 Qd3+
34. Kb2 Qe2+ 35. Kb1 Qe1+ 36. Kb2 Qd2+ 37. Kb1 Qe1+ 1/2-1/2

[Event "American Cup Blitz 2022"]
[Site "Saint Louis USA"]
[Date "2022.04.29"]
[Round "2.1"]
[White "So, Wesley"]
[Black "Gledura, Benjamin"]
[Result "1-0"]
[WhiteTitle "GM"]
[BlackTitle "GM"]
[WhiteElo "2778"]
[BlackElo "2652"]
[WhiteFideId "5202213"]
[BlackFideId "712779"]
[EventDate "2022.04.29"]

1. e4 c5 2. Nf3 e6 3. g3 Nc6 4. Bg2 Nf6 5. Nc3 d5 6. exd5 exd5 7. d4 cxd4 8.
Nxd4 Bg4 9. Nde2 Bb4 10. h3 Bxc3+ 11. bxc3 Bh5 12. O-O O-O 13. Rb1 Bxe2 14. Qxe2
Re8 15. Be3 Qc7 16. Rfd1 b6 17. Bxd5 Nxd5 18. Rxd5 Na5 19. Qg4 Re6 20. Bd4 Rg6
21. Rd7 Qc4 22. Qe4 Nc6 23. Rc7 h6 24. h4 Qe6 25. Re1 Re8 26. Qxe6 Rgxe6 27.
Rxe6 Rxe6 28. h5 Rd6 29. Be3 f6 30. Kg2 Kf8 31. Bf4 Re6 32. Kf3 b5 33. Kg4 a6
34. Kf5 Nd8 35. Rd7 Re8 36. Kg6 Ne6 37. Bd6+ Kg8 38. f4 Kh8 39. Kf7 1-0

[Event "American Cup Blitz 2022"]
[Site "Saint Louis USA"]
[Date "2022.04.29"]
[Round "2.2"]
[White "Oparin, Grigoriy"]
[Black "Aronian, Levon"]
[Result "0-1"]
[WhiteTitle "GM"]
[BlackTitle "GM"]
[WhiteElo "2674"]
[BlackElo "2785"]
[WhiteFideId "24125890"]
[BlackFideId "13300474"]
[EventDate "2022.04.29"]

1. Nf3 d5 2. g3 g6 3. c4 dxc4 4. Na3 c5 5. Nxc4 Nc6 6. Bg2 Bg7 7. O-O Nf6 8. d3
Nd5 9. Bd2 O-O 10. Rb1 b6 11. a3 a5 12. Qc1 Rb8 13. Bh6 f6 14. Bxg7 Kxg7 15. Rd1
e5 16. e3 Be6 17. Qc2 Qe7 18. Rbc1 Bg8 19. Ncd2 Rbc8 20. Ne4 Rfd8 21. Qa4 Bf7
22. Nc3 Qe8 23. Qh4 Nxc3 24. bxc3 Bb3 25. Rd2 a4 26. c4 Rc7 27. Ne1 Ne7 28. g4
g5 29. Qg3 Ng6 30. Be4 b5 31. cxb5 Qxb5 32. Nf3 Qe8 33. h4 h6 34. hxg5 hxg5 35.
Kg2 Bd5 36. Rh1 Bxe4 37. dxe4 Rxd2 38. Nxd2 c4 39. Nf3 c3 40. Qh3 Kg8 41. Qh5 c2
42. Rc1 Kg7 43. Ne1 Qc6 44. f3 Qb5 45. Kf2 Qb2 46. Nd3 Qc3 47. Ke2 Qxa3 48. Rh1
c1=N+ 0-1

[Event "American Cup Blitz 2022"]
[Site "Saint Louis USA"]
[Date "2022.04.29"]
[Round "2.3"]
[White "Caruana, Fabiano"]
[Black "Kevlishvili, Robby"]
[Result "1-0"]
[WhiteTitle "GM"]
[BlackTitle "GM"]
[WhiteElo "2781"]
[BlackElo "2494"]
[WhiteFideId "2020009"]
[BlackFideId "1040634"]
[EventDate "2022.04.29"]

1. c4 e5 2. Nc3 Nf6 3. g3 d5 4. cxd5 Nxd5 5. Bg2 Nb6 6. Nf3 Nc6 7. O-O Be7 8. b3
O-O 9. Bb2 Re8 10. Rc1 Bf8 11. Ne4 Nd4 12. Nxd4 exd4 13. e3 Bf5 14. Nc5 Bxc5 15.
Rxc5 Bd3 16. Re1 dxe3 17. dxe3 c6 18. e4 Ba6 19. Qg4 f6 20. Rcc1 Qd7 21. Qh5 Qf7
22. Qa5 Nd7 23. f4 Nf8 24. e5 fxe5 25. Bxe5 Bd3 26. Rcd1 Bf5 27. h3 Ng6 28. Bb2
h6 29. Kh2 Kh7 30. Qc3 Rxe1 31. Rxe1 Rd8 32. Bf1 Rd7 33. Qe3 Re7 34. Qf2 Rxe1
35. Qxe1 Nf8 36. g4 Be6 37. Bd3+ Kg8 38. Qe5 Nd7 39. Qd6 Bd5 40. Bf5 Qe8 41. Be5
Nxe5 42. fxe5 Qf8 43. Qd7 Qc5 44. Qe8+ Qf8 45. Bh7+ 1-0

[Event "American Cup Blitz 2022"]
[Site "Saint Louis USA"]
[Date "2022.04.29"]
[Round "2.4"]
[White "Akobian, Varuzhan"]
[Black "Dominguez Perez, Leinier"]
[Result "1/2-1/2"]
[WhiteTitle "GM"]
[BlackTitle "GM"]
[WhiteElo "2600"]
[BlackElo "2756"]
[WhiteFideId "13300580"]
[BlackFideId "3503240"]
[EventDate "2022.04.29"]

1. d4 d5 2. c4 dxc4 3. e3 Nf6 4. Bxc4 e6 5. Nf3 a6 6. O-O c5 7. dxc5 Bxc5 8.
Qxd8+ Kxd8 9. a3 b5 10. Be2 Bb7 11. b4 Bd6 12. Bb2 Nbd7 13. Nbd2 Ke7 14. Nb3
Rac8 15. Rac1 e5 16. Nfd2 Rxc1 17. Rxc1 Rc8 18. Rxc8 Bxc8 19. Na5 Nb8 20. Bf3
Bc7 21. Ndb3 Be6 22. Nc5 Bd5 23. e4 Ba2 24. Bd1 Nfd7 25. Nxd7 Kxd7 26. Bb3 Bxb3
27. Nxb3 Kc6 28. Kf1 Nd7 29. Ke2 Nb6 30. Nd2 Na4 31. Ba1 Kd7 32. Kd3 Ke6 33. Nb1
Bb6 34. f3 g6 35. Nc3 Nxc3 36. Bxc3 Bg1 37. h3 Bf2 38. g4 Bg3 39. Bd2 Bf2 40.
Bc3 Bb6 41. Bd2 Bd4 42. Bc1 Bb6 43. Bd2 Ba7 44. Bc1 Bb6 45. Bd2 1/2-1/2

[Event "American Cup Blitz 2022"]
[Site "Saint Louis USA"]
[Date "2022.04.29"]
[Round "2.5"]
[White "Antipov, Mikhail Al."]
[Black "Shankland, Sam"]
[Result "1/2-1/2"]
[WhiteTitle "GM"]
[BlackTitle "GM"]
[WhiteElo "2592"]
[BlackElo "2709"]
[WhiteFideId "4107012"]
[BlackFideId "2004887"]
[EventDate "2022.04.29"]

1. e4 c5 2. Nf3 d6 3. d4 cxd4 4. Nxd4 Nf6 5. f3 Nc6 6. c4 e6 7. Nc3 d5 8. cxd5
exd5 9. exd5 Nxd5 10. Nxc6 bxc6 11. Nxd5 Qxd5 12. Qxd5 cxd5 13. Bf4 Bb4+ 14. Kf2
O-O 15. Bd3 Be6 16. Rac1 a5 17. Rc2 a4 18. Be5 Rfe8 19. Bd4 Reb8 20. h4 Be7 21.
h5 h6 22. Rd1 Bf6 23. Bxf6 gxf6 24. Be2 Rb4 25. a3 Rb6 26. Rd4 Rab8 27. Rxa4
Rxb2 28. Rxb2 Rxb2 29. Rb4 Ra2 30. a4 Bd7 31. Rd4 Bc6 32. Ke3 Ra3+ 33. Bd3 Kf8
34. Kd2 Bxa4 35. Rxd5 Ra2+ 36. Ke3 Rxg2 37. Be4 Rg5 38. Rxg5 fxg5 39. Bf5 f6 40.
f4 Be8 41. Bg4 Ke7 42. Ke4 Bd7 43. Bd1 Kd6 44. fxg5 fxg5 45. Kd4 Ke6 46. Bg4+
Ke7 47. Be2 Kf6 48. Ke4 Bc6+ 49. Ke3 Ke5 50. Bd1 Bd5 51. Be2 Be6 52. Kf3 Kf6 53.
Kg3 Kf5 54. Bg4+ Ke5 55. Be2 Ke4 56. Bf3+ Ke3 57. Bd1 Bc4 58. Bc2 Be2 59. Bg6
Kd4 60. Be8 Ke5 61. Bg6 Kf6 62. Be8 Bd1 63. Bg6 Bb3 64. Bd3 Bd1 65. Bg6 Ke7 66.
Kf2 Ke6 67. Kg3 Ke5 68. Be8 Kf6 69. Bg6 Be2 70. Be8 Bc4 71. Ba4 Bf7 72. Bd1 Kf5
73. Bc2+ Ke5 74. Bd1 Ke4 75. Bf3+ Ke3 76. Bd1 Bc4 77. Ba4 Be2 78. Be8 Ke4 79.
Bg6+ Ke5 80. Kf2 Bd1 81. Kg3 Bb3 82. Be8 Bc4 83. Bg6 Ke6 84. Be8 Be2 85. Bg6 Ke7
86. Kf2 Bc4 87. Bc2 Bf7 88. Bd1 Kf6 89. Kg3 Bxh5 90. Bxh5 g4 91. Bxg4 h5 92.
Bxh5 1/2-1/2

[Event "American Cup Blitz 2022"]
[Site "Saint Louis USA"]
[Date "2022.04.29"]
[Round "2.6"]
[White "Burke, John M"]
[Black "Nyzhnyk, Illya"]
[Result "1-0"]
[WhiteTitle "GM"]
[BlackTitle "GM"]
[WhiteElo "2573"]
[BlackElo "2685"]
[WhiteFideId "2070901"]
[BlackFideId "14118084"]
[EventDate "2022.04.29"]

1. e4 c6 2. d4 d5 3. e5 Bf5 4. h4 h5 5. Bd3 Bxd3 6. Qxd3 Qa5+ 7. c3 e6 8. a4 Qa6
9. Qd1 Ne7 10. Ne2 Nf5 11. b4 Nd7 12. Bg5 Nb6 13. O-O Nc4 14. Na3 Nb2 15. Qc2
Nxa4 16. b5 cxb5 17. Nxb5 Qxb5 18. Rfb1 Qc6 19. Qxa4 Qxa4 20. Rxa4 Be7 21. Rxb7
Bxg5 22. hxg5 O-O 23. Raxa7 Rxa7 24. Rxa7 g6 25. Nf4 Rb8 26. Nd3 Rb3 27. Rc7
Nxd4 28. Nc1 Ra3 29. cxd4 Ra4 30. Nb3 1-0

[Event "American Cup Blitz 2022"]
[Site "Saint Louis USA"]
[Date "2022.04.29"]
[Round "3.1"]
[White "Robson, Ray"]
[Black "So, Wesley"]
[Result "1/2-1/2"]
[WhiteTitle "GM"]
[BlackTitle "GM"]
[WhiteElo "2681"]
[BlackElo "2778"]
[WhiteFideId "2023970"]
[BlackFideId "5202213"]
[EventDate "2022.04.29"]

1. d4 Nf6 2. c4 e6 3. Nf3 d5 4. g3 Be7 5. Bg2 O-O 6. Nc3 dxc4 7. Ne5 Nc6 8. Bxc6
bxc6 9. Nxc6 Qe8 10. Nxe7+ Qxe7 11. Qa4 c5 12. dxc5 Qxc5 13. Be3 Qc7 14. f3 Rd8
15. Kf2 e5 16. Rhd1 Be6 17. Qa3 Nd5 18. Nxd5 Bxd5 19. Rd2 Be6 20. Rad1 Rxd2 21.
Rxd2 h5 22. h4 a5 23. Qc5 Qxc5 24. Bxc5 Rc8 25. Bb6 c3 26. bxc3 Rxc3 27. Bxa5
Ra3 28. Bc7 e4 29. fxe4 Rxa2 30. Rxa2 Bxa2 31. Bf4 Be6 32. Ke3 Ba2 33. Kf2 Be6
34. Ke3 Ba2 35. Kf2 1/2-1/2

[Event "American Cup Blitz 2022"]
[Site "Saint Louis USA"]
[Date "2022.04.29"]
[Round "3.2"]
[White "Aronian, Levon"]
[Black "Burke, John M"]
[Result "1-0"]
[WhiteTitle "GM"]
[BlackTitle "GM"]
[WhiteElo "2785"]
[BlackElo "2573"]
[WhiteFideId "13300474"]
[BlackFideId "2070901"]
[EventDate "2022.04.29"]

1. e4 e5 2. Nf3 Nc6 3. Bc4 Bc5 4. O-O Nf6 5. Re1 O-O 6. d3 h6 7. c3 d6 8. Nbd2
a6 9. Nf1 Re8 10. Ng3 Ba7 11. h3 Be6 12. Bxe6 Rxe6 13. b4 d5 14. Qb3 Qd7 15. a4
Rae8 16. Ra2 Ne7 17. c4 dxe4 18. dxe4 Ng6 19. c5 Nf4 20. Be3 Qd3 21. Qxd3 Nxd3
22. Rb1 Rd8 23. Rd2 Re7 24. b5 Red7 25. b6 cxb6 26. cxb6 Bb8 27. a5 Nf4 28. Rxd7
Rxd7 29. Rc1 Kh7 30. Nd2 g6 31. Kf1 h5 32. Ne2 Nd3 33. Rc8 Bd6 34. f3 Kg7 35.
Nc4 Nb4 36. Nc3 Nc6 37. Bg5 Be7 38. Bxf6+ Bxf6 39. Nd5 Be7 40. Rxc6 bxc6 41.
Nxe5 Rb7 42. Nxe7 Rxe7 43. Nxc6 Rb7 44. Nb4 Kf6 45. Nxa6 Ke7 46. Nc5 Rb8 47. b7
Kd6 48. a6 1-0

[Event "American Cup Blitz 2022"]
[Site "Saint Louis USA"]
[Date "2022.04.29"]
[Round "3.3"]
[White "Zatonskih, Anna"]
[Black "Caruana, Fabiano"]
[Result "0-1"]
[WhiteTitle "IM"]
[BlackTitle "GM"]
[WhiteElo "2393"]
[BlackElo "2781"]
[WhiteFideId "14101572"]
[BlackFideId "2020009"]
[EventDate "2022.04.29"]

1. d4 Nf6 2. Nf3 d5 3. c4 e6 4. Nc3 c6 5. e3 Nbd7 6. Qc2 Bd6 7. b3 O-O 8. Bd3 b6
9. O-O Bb7 10. Bb2 Re8 11. Rfe1 Rc8 12. Rad1 c5 13. cxd5 exd5 14. Bf5 c4 15. Nb5
Bb8 16. Ba3 g6 17. Bh3 Ne4 18. Ne5 f5 19. f3 Ng5 20. f4 Nxh3+ 21. gxh3 Nf6 22.
Nc3 Ba6 23. Rc1 Bd6 24. Bxd6 Qxd6 25. Qg2 Kg7 26. Ne2 cxb3 27. Ng3 Rxc1 28. Rxc1
Kf8 29. axb3 Rc8 30. Rxc8+ Bxc8 31. h4 Qc7 32. h3 Qc1+ 33. Kh2 Be6 34. h5 gxh5
35. Nf1 Ne4 36. Ng3 Nf6 37. Nf1 Ne4 38. Ng3 Qxe3 39. Nxh5 Qd2 40. Qxd2 Nxd2 41.
b4 a5 42. bxa5 bxa5 43. Nf6 a4 44. Nxh7+ Ke7 45. Nc6+ Kd6 46. Nb4 Nf3+ 47. Kg3
Nxd4 48. h4 Bf7 49. Ng5 Bh5 50. Nh7 a3 51. Nf6 Bf7 52. h5 Nc6 53. h6 Bg6 54. Na2
d4 55. h7 Bxh7 56. Nxh7 Kc5 57. Ng5 d3 58. Ne6+ Kc4 59. Kf2 Nb4 60. Nxb4 Kxb4 0-1

[Event "American Cup Blitz 2022"]
[Site "Saint Louis USA"]
[Date "2022.04.29"]
[Round "3.4"]
[White "Dominguez Perez, Leinier"]
[Black "Antipov, Mikhail Al."]
[Result "1/2-1/2"]
[WhiteTitle "GM"]
[BlackTitle "GM"]
[WhiteElo "2756"]
[BlackElo "2592"]
[WhiteFideId "3503240"]
[BlackFideId "4107012"]
[EventDate "2022.04.29"]

1. e4 e5 2. Nf3 Nc6 3. Nc3 Nf6 4. d4 exd4 5. Nxd4 Bb4 6. Nxc6 bxc6 7. Bd3 d5 8.
Bd2 O-O 9. O-O Bxc3 10. Bxc3 dxe4 11. Bxf6 Qxf6 12. Bxe4 Qxb2 13. Bxc6 Rb8 14.
Rb1 Qxb1 15. Qxb1 Rxb1 16. Rxb1 g6 17. h4 Kg7 18. Rb8 Rd8 19. Bf3 Kf8 20. Ra8
Ke7 21. Rxa7 Kd6 22. Ra8 Re8 23. Kh2 Bd7 24. Rxe8 Bxe8 25. Kg3 Ke5 26. c3 f5 27.
Bd1 f4+ 28. Kh2 h6 29. Kg1 Kd5 30. Be2 g5 31. hxg5 hxg5 32. Kf1 Kc5 33. Ke1 Bf7
34. a3 Bd5 35. g3 Be4 36. Kd2 Bd5 37. Bd3 Bf3 38. gxf4 gxf4 39. Ke1 Bg2 40. Ke2
Bd5 41. Kf1 Bf3 42. Kg1 Kb6 43. Bc4 Bd1 44. Kg2 Ka5 45. Kh3 Ka4 46. Kh4 Kxa3 47.
Kg5 Kb2 48. Kxf4 Kxc3 49. Bf7 Kd4 50. Kg5 Bf3 51. Kf4 Be4 52. Kg5 Bf3 53. Kf4
Be4 54. Kg5 1/2-1/2

[Event "American Cup Blitz 2022"]
[Site "Saint Louis USA"]
[Date "2022.04.29"]
[Round "3.5"]
[White "Shankland, Sam"]
[Black "Xiong, Jeffery"]
[Result "1-0"]
[WhiteTitle "GM"]
[BlackTitle "GM"]
[WhiteElo "2709"]
[BlackElo "2685"]
[WhiteFideId "2004887"]
[BlackFideId "2047640"]
[EventDate "2022.04.29"]

1. d4 d5 2. c4 e6 3. Nc3 Nf6 4. Nf3 a6 5. cxd5 exd5 6. Bf4 Bd6 7. Be5 Be6 8. e3
Nc6 9. Bg3 Ne7 10. Bd3 Nf5 11. Be5 Be7 12. Qb3 Nd6 13. Ne2 O-O 14. Nf4 c6 15.
Ng5 Qa5+ 16. Kf1 Nfe4 17. Nxe4 Nxe4 18. Bxe4 dxe4 19. Nxe6 fxe6 20. Qxe6+ Rf7
21. g3 Bg5 22. Bf4 Bxf4 23. gxf4 Qb5+ 24. Kg2 Rf8 25. Rhg1 Kh8 26. Qxe4 Qxb2 27.
Raf1 Qe2 28. Qf3 Qxa2 29. Kh1 Qe6 30. Rg5 h6 31. Re5 Qd6 32. Rg1 Re7 33. Qe4
Rxe5 34. fxe5 Qe6 35. f4 a5 36. Qg6 Qd5+ 37. e4 Qg8 38. f5 Qh7 39. f6 gxf6 40.
exf6 a4 41. Qg7+ 1-0

[Event "American Cup Blitz 2022"]
[Site "Saint Louis USA"]
[Date "2022.04.29"]
[Round "3.6"]
[White "Nyzhnyk, Illya"]
[Black "Akobian, Varuzhan"]
[Result "0-1"]
[WhiteTitle "GM"]
[BlackTitle "GM"]
[WhiteElo "2685"]
[BlackElo "2600"]
[WhiteFideId "14118084"]
[BlackFideId "13300580"]
[EventDate "2022.04.29"]

1. d4 d5 2. c4 e6 3. Nc3 c5 4. Nf3 Nc6 5. e3 Nf6 6. cxd5 exd5 7. Bb5 cxd4 8.
Nxd4 Bd7 9. O-O Be7 10. b3 O-O 11. Bb2 Rc8 12. Nce2 Nxd4 13. Nxd4 Bxb5 14. Nxb5
Qb6 15. Nd4 g6 16. Qd3 Ne4 17. Rac1 Bf6 18. Rc2 Nc5 19. Qe2 Ne6 20. Nf5 d4 21.
Nh6+ Kh8 22. Ba3 dxe3 23. Bxf8 Rxf8 24. fxe3 Kg7 25. Ng4 Bg5 26. Rc3 h5 27. Nf2
Re8 28. Qf3 f5 29. Rd1 Bf6 0-1

[Event "American Cup Blitz 2022"]
[Site "Saint Louis USA"]
[Date "2022.04.29"]
[Round "4.1"]
[White "Caruana, Fabiano"]
[Black "Aronian, Levon"]
[Result "1/2-1/2"]
[WhiteTitle "GM"]
[BlackTitle "GM"]
[WhiteElo "2781"]
[BlackElo "2785"]
[WhiteFideId "2020009"]
[BlackFideId "13300474"]
[EventDate "2022.04.29"]

1. Nf3 d5 2. b3 c5 3. e3 Nc6 4. Bb2 a6 5. d4 Nf6 6. Nbd2 Bg4 7. h3 Bh5 8. Be2 e6
9. O-O Rc8 10. a3 cxd4 11. exd4 Be7 12. c4 dxc4 13. bxc4 O-O 14. Rc1 Qb6 15. Qb3
Qxb3 16. Nxb3 Rfd8 17. Rfd1 Nd7 18. d5 exd5 19. cxd5 Na7 20. Na5 Nc5 21. g4 Bg6
22. Ne5 Nb5 23. Rxc5 Bxc5 24. Nxb7 Re8 25. a4 Nd6 26. Nxc5 Rxc5 27. Bxa6 Ra5 28.
Bb5 Nxb5 29. axb5 f6 30. Nc6 Rxb5 31. d6 Be4 32. d7 Bxc6 33. dxe8=Q+ Bxe8 34.
Bd4 Rb3 35. Be3 Bc6 36. Kh2 Kf7 37. Rd6 Be4 38. Rd4 Bc6 39. Rd6 Be4 40. Rd4 Bc6 1/2-1/2

[Event "American Cup Blitz 2022"]
[Site "Saint Louis USA"]
[Date "2022.04.29"]
[Round "4.2"]
[White "So, Wesley"]
[Black "Shankland, Sam"]
[Result "1/2-1/2"]
[WhiteTitle "GM"]
[BlackTitle "GM"]
[WhiteElo "2778"]
[BlackElo "2709"]
[WhiteFideId "5202213"]
[BlackFideId "2004887"]
[EventDate "2022.04.29"]

1. Nf3 d5 2. g3 g6 3. Bg2 Bg7 4. O-O e5 5. d3 Nc6 6. e4 dxe4 7. dxe4 Qxd1 8.
Rxd1 Bg4 9. c3 Nf6 10. h3 Bd7 11. Nbd2 O-O-O 12. Re1 Ne8 13. Nc4 Be6 14. Bf1 f6
15. Be3 Nd6 16. Nfd2 f5 17. a4 Rhf8 18. a5 f4 19. gxf4 exf4 20. Bc5 Nxc4 21.
Bxf8 Nxd2 22. Bxg7 Nf3+ 23. Kg2 Nxe1+ 24. Rxe1 g5 25. b4 Rg8 26. Bd4 h5 27. a6
g4 28. hxg4 hxg4 29. axb7+ Kxb7 30. Bc5 Ne5 31. Ra1 Nf3 32. Ba6+ Kb8 33. Bxa7+
Kxa7 34. Bc4+ Kb6 35. Bxe6 Nh4+ 36. Kf1 Rg6 37. Bc4 Kb7 38. Bd5+ c6 39. Bf7 Rg7
40. Be6 Nf3 41. Ke2 Ne5 42. Ra5 g3 43. fxg3 fxg3 44. Ra1 Kc7 45. Bh3 Rh7 46. Bg2
Kd6 47. Ra8 Rf7 48. Bh3 Rf2+ 49. Ke3 Rh2 50. Bf5 Rb2 51. Rd8+ Ke7 52. Rg8 g2 53.
Bh3 Rc2 54. Bxg2 Kf7 55. Rg5 Kf6 56. Rf5+ Ke6 57. Bf1 Rc1 58. Kd4 Rd1+ 59. Kc5
Re1 60. Bc4+ Nxc4 61. Kxc6 Rxe4 62. Rc5 Ne5+ 63. Kc7 Nd3 64. Rc6+ Ke5 65. b5 Kd5
66. b6 Nc5 67. Rd6+ Kc4 68. Rh6 Re7+ 69. Kd6 Re4 70. Kc6 Re6+ 71. Rxe6 Nxe6 72.
Kd7 Nc5+ 73. Kc6 Ne6 74. Kd6 Nc5 75. Kc6 1/2-1/2

[Event "American Cup Blitz 2022"]
[Site "Saint Louis USA"]
[Date "2022.04.29"]
[Round "4.3"]
[White "Akobian, Varuzhan"]
[Black "Robson, Ray"]
[Result "1-0"]
[WhiteTitle "GM"]
[BlackTitle "GM"]
[WhiteElo "2600"]
[BlackElo "2681"]
[WhiteFideId "13300580"]
[BlackFideId "2023970"]
[EventDate "2022.04.29"]

1. d4 Nf6 2. c4 e6 3. Nc3 Bb4 4. e3 O-O 5. Bd2 b6 6. Nf3 Bb7 7. Bd3 d5 8. cxd5
exd5 9. Qc2 Re8 10. a3 Bd6 11. Nb5 c5 12. Nxd6 Qxd6 13. dxc5 bxc5 14. O-O Nbd7
15. b4 Rac8 16. bxc5 Nxc5 17. Bb4 a5 18. Bxc5 Rxc5 19. Qb2 Ba8 20. Nd4 Rb8 21.
Qe2 Ne4 22. Rfc1 h6 23. h3 Rbc8 24. Rxc5 Qxc5 25. a4 g6 26. Qb2 Qc3 27. Qxc3
Rxc3 28. Bxe4 dxe4 29. Rb1 Kg7 30. Rb5 Bc6 31. Rxa5 Rc4 32. Nxc6 Rxc6 33. Re5
Rc4 34. a5 Ra4 35. g4 Kf6 36. Rb5 Ke6 37. h4 f6 38. h5 gxh5 39. Rxh5 Kf7 40. Kg2
Kg6 41. Kg3 Ra2 42. Rb5 Kg7 43. Rb7+ Kg6 44. Rb5 Kg7 45. Kf4 Rxf2+ 46. Kxe4 Rg2
47. Kf5 Rf2+ 48. Ke6 Ra2 49. Kd7 Ra4 50. Kc7 Rxg4 51. a6 Ra4 52. Kb6 Kg6 53. a7
Rxa7 54. Kxa7 h5 55. Kb6 h4 56. Kc5 Kf5 57. Kd4+ Kg4 58. Rb1 h3 59. Rf1 h2 60.
Ke4 Kg3 61. Kf5 Kg2 62. Ra1 Kf3 63. e4 Ke3 64. Rh1 1-0

[Event "American Cup Blitz 2022"]
[Site "Saint Louis USA"]
[Date "2022.04.29"]
[Round "4.4"]
[White "Burke, John M"]
[Black "Dominguez Perez, Leinier"]
[Result "0-1"]
[WhiteTitle "GM"]
[BlackTitle "GM"]
[WhiteElo "2573"]
[BlackElo "2756"]
[WhiteFideId "2070901"]
[BlackFideId "3503240"]
[EventDate "2022.04.29"]

1. e4 e5 2. Nf3 Nc6 3. Bc4 Bc5 4. c3 Nf6 5. d4 exd4 6. cxd4 Bb4+ 7. Nbd2 Bxd2+
8. Bxd2 Nxe4 9. d5 Ne7 10. Bb4 d6 11. O-O O-O 12. Re1 a5 13. Bxa5 Nxf2 14. Qd2
Ng4 15. Bc3 Ng6 16. h3 Nf6 17. Qd4 c5 18. dxc6 bxc6 19. Rad1 d5 20. Bb3 Bf5 21.
Ne5 Qc7 22. Rf1 c5 23. Qf2 Be4 24. Nxg6 fxg6 25. Qh4 c4 26. Bxf6 gxf6 27. Bxc4
Qxc4 28. Rxf6 Qc5+ 29. Kh1 Bxg2+ 0-1